000 00896nam0a22002651 4500
001 rc\3806728
005 20250530055715.0
021 _aRU
_b75-92103
021 _aRU
_bРг1389-76
035 _a(NLR Aleph) 007258589
090 _a5282776
_c5282776
100 _a20120329d1975 |||y0rusy50 ca
101 0 _arus
102 _aRU
105 _ay z |||||
200 1 _aСоциальная сущность и основные черты советского образа жизни
_eКраткие тексты лекций
_fВоен. инж. ин-т им. А.Ф. Можайского
210 _aЛенинград
_cБ. и.
_d1975
215 _a40 с.
_d20
320 _aБиблиогр.: с. 38-39
700 1 _aЦымлов
_bВ.Ф.
_gВасилий Федорович
801 0 _aRU
_bNLR
_gpsbo
801 1 _aRU
_bELAR
_2rusmarc
852 _aNLR
_j76-6/262
942 _cBOOK
980 _aNB